000 02577cam a2200301 a 4500
999 _c16109
_d16109
001 11893027
003 OSt
005 20210416105636.0
008 000119s2000 ii b bf 001 0 eng
010 _a 00021783
020 _a0761994270
040 _aDLC
_cDLC
_dDLC
043 _aa------
050 0 0 _aP92.A7
_bH36 2000
082 0 0 _a302.23 GUA
_221
245 0 0 _aHandbook of the media in Asia /
_cedited by Shelton A. Gunaratne.
260 _aNew Delhi ;
_aThousand Oaks, Calif. :
_bSage Publications,
_c2000.
300 _ax, 722 p. :
_bmap ;
_c25 cm.
504 _aIncludes bibliographical references and indexes.
505 _aContents Overview - Shelton A Gunaratne PART ONE: SOUTH ASIA Introduction - Shelton A Gunaratne 1.Bangladesh - Serajul I Bhuiyan and Shelton A Gunaratne 2.Bhutan - C J Conlon 3.India - K Viswanath and Kavita Karan 4.Maldives - Kavita Karan and K Viswanath 5.Nepal - Sandhya Rao and Bharat Koirala 6.Pakistan - Owais Aslam Ali and Shelton A Gunaratne 7.Sri Lanka - Shelton A Gunaratne and Chanuka Lalinda Wattegama PART TWO: SOUTHEAST ASIA Introduction - Shelton A Gunaratne 8.Brunei Darussalam - H M Safar and Yussof Ladi 9.Cambodia - Judith Clarke 10.Indonesia - Naswil Idris and Shelton A Gunaratne 11.Laos - Frank Morgan and Eric Loo 12.Malaysia - H M Safar, Asiah binti Sarji and Shelton A Gunaratne 13.Myanmar - Kalyani Chadha and Anandam P Kavoori 14.Philippines - Crispin C Maslog 15.Singapore - Eddie Kuo and Peng Hwa Ang 16.Thailand - Daradirek Ekachai 17.Vietnam - Zeni Sarabia Panol and Yen Do PART THREE: EAST ASIA Introduction - Shelton A Gunaratne 18.China - Liqun Yan 19.Hong Kong SAR (China) - Clement So, Joseph Man Chan and Chin-Chuan Lee 20.Macau SAR (China) - Clement So, Joseph Man Chan and Chin-Chuan Lee 21.Japan - Shinichi Saito 22.North Korea - Shelton A Gunaratne and Shin Dong Kim 23.South Korea - Chul Heo, Ki-yul Uhm and Jeong-Heon Chang 24.Mongolia - Barry Lowe and Shelton A Gunaratne 25.Taiwan - Georgette Wang and Ven-Hwei Lo Index
650 0 _aMass media
_zAsia
_vHandbooks, manuals, etc.
700 1 _aGunaratne, Shelton A.
856 4 2 _3Publisher description
_uhttp://www.loc.gov/catdir/enhancements/fy0657/00021783-d.html
856 4 1 _3Table of contents only
_uhttp://www.loc.gov/catdir/enhancements/fy0657/00021783-t.html
906 _a7
_bcbc
_corignew
_d1
_eocip
_f20
_gy-gencatlg
942 _2ddc
_cBK